[Event "POL-chT3 Dolnoslaskie 1314"]
[Site "Poland"]
[Date "2014.01.19"]
[Round "7.8"]
[White "Kacprzak, Robert"]
[Black "Szmyd, Marek"]
[Result "1/2-1/2"]
[WhiteElo "1921"]
[BlackElo "2011"]
[PlyCount "70"]
[EventDate "2013.10.20"]
[EventType "team-tourn"]
[EventRounds "11"]
[EventCountry "POL"]
[SourceTitle "EXT 2018"]
[Source "ChessBase"]
[SourceDate "2017.10.13"]
[SourceVersion "1"]
[SourceVersionDate "2017.10.13"]
[SourceQuality "1"]
[WhiteTeam "Walbrzych WOK"]
[BlackTeam "Zarow Goniec"]
[WhiteTeamCountry "POL"]
[BlackTeamCountry "POL"]

1. d4 b6 2. e4 Bb7 3. Nc3 e6 4. a3 d5 5. exd5 Bxd5 6. Nxd5 Qxd5 7. Be2 Qd7 8. Nf3 Nc6 9. 0-0 Bd6 10. Re1 Nf6 11. Bg5 0-0 12. Bxf6 gxf6 13. c3 Ne7 14. Bd3 Kh8 15. Nd2 f5 16. Nc4 Ng6 17. Nxd6 Qxd6 18. Bf1 Rad8 19. g3 c5 20. dxc5 Qxc5 21. Qe2 Rd6 22. Rad1 Rfd8 23. Rxd6 Qxd6 24. h4 f4 25. h5 Ne7 26. g4 Kg8 27. Bg2 Qd2 28. Qe5 Kf8 29. Bf3 Qxb2 30. h6 Ng6 31. Qg7+ Ke7 32. g5 Rd3 33. Qf6+ Kf8 34. Qg7+ Ke7 35. Qf6+ Kf8 1/2-1/2

[Event "POL-chT3 Dolnoslaskie 1314"]
[Site "Poland"]
[Date "2013.12.01"]
[Round "4.19"]
[White "Kacprzak, Robert"]
[Black "Guziewicz, Wojciech"]
[Result "1-0"]
[WhiteElo "1921"]
[BlackElo "1947"]
[PlyCount "55"]
[EventDate "2013.10.20"]
[EventType "team-tourn"]
[EventRounds "11"]
[EventCountry "POL"]
[SourceTitle "EXT 2018"]
[Source "ChessBase"]
[SourceDate "2017.10.13"]
[SourceVersion "1"]
[SourceVersionDate "2017.10.13"]
[SourceQuality "1"]
[WhiteTeam "Walbrzych WOK"]
[BlackTeam "Przedwojow Debiut"]
[WhiteTeamCountry "POL"]
[BlackTeamCountry "POL"]

1. d4 g6 2. c4 c5 3. d5 b5 4. cxb5 Bg7 5. Nc3 Bb7 6. e4 d6 7. f4 Nf6 8. Nf3 0-0 9. Bd3 Nfd7 10. 0-0 e5 11. dxe6 fxe6 12. Bc4 Qe7 13. Ng5 Rf6 14. Nxe6 Rxe6 15. f5 gxf5 16. exf5 Bd4+ 17. Kh1 Ne5 18. Bxe6+ Kh8 19. Qh5 Nbd7 20. Bg5 Nf6 21. Qh4 Rf8 22. Ne2 Bxg2+ 23. Kxg2 Qb7+ 24. Kh3 Nf3 25. Rxf3 Qxf3+ 26. Ng3 d5 27. Rf1 Qd3 28. Qh6 1-0

[Event "POL-chT3 Dolnoslaskie 1314"]
[Site "Poland"]
[Date "2013.10.20"]
[Round "1.25"]
[White "Kacprzak, Robert"]
[Black "Rozmus, Marek"]
[Result "0-1"]
[WhiteElo "1921"]
[BlackElo "1700"]
[PlyCount "54"]
[EventDate "2013.10.20"]
[EventType "team-tourn"]
[EventRounds "11"]
[EventCountry "POL"]
[SourceTitle "EXT 2018"]
[Source "ChessBase"]
[SourceDate "2017.10.13"]
[SourceVersion "1"]
[SourceVersionDate "2017.10.13"]
[SourceQuality "1"]
[WhiteTeam "Walbrzych WOK"]
[BlackTeam "Olawa MGLKS Parnas"]
[WhiteTeamCountry "POL"]
[BlackTeamCountry "POL"]

1. d4 Nf6 2. c4 e6 3. Nc3 Bb4 4. Qc2 c5 5. a3 Bxc3+ 6. bxc3 d6 7. Nf3 0-0 8. e3 Nc6 9. Bd3 e5 10. d5 Ne7 11. 0-0 h6 12. Nd2 Nh5 13. Be2 Nf6 14. f4 exf4 15. exf4 Re8 16. Bd3 Qd7 17. Ne4 Nxe4 18. Bxe4 Nf5 19. Bd2 g6 20. Rae1 Qd8 21. Qd3 Bd7 22. g4 Nh4 23. Qg3 g5 24. fxg5 hxg5 25. Qxd6 f5 26. gxf5 Qe7 27. Qxe7 Rxe7 0-1

[Event "Polanica Zdroj op-A 46th"]
[Site "Polanica Zdroj"]
[Date "2010.08.26"]
[Round "8"]
[White "Litwin, Jozef"]
[Black "Kacprzak, Robert"]
[Result "1-0"]
[WhiteElo "2189"]
[BlackElo "1923"]
[PlyCount "103"]
[EventDate "2010.08.19"]
[EventType "swiss"]
[EventRounds "10"]
[EventCountry "POL"]
[SourceTitle "CBM 138 Extra"]
[Source "ChessBase"]
[SourceDate "2010.10.29"]
[SourceVersion "1"]
[SourceVersionDate "2010.10.29"]
[SourceQuality "1"]

1. d4 Nf6 2. c4 g6 3. g3 Bg7 4. Bg2 0-0 5. Nc3 d6 6. Nf3 c5 7. d5 Na6 8. 0-0 Nc7 9. Re1 a6 10. a4 Rb8 11. a5 b5 12. axb6 Rxb6 13. e4 Bg4 14. h3 Bxf3 15. Bxf3 Nd7 16. Be2 Qc8 17. Bg4 h5 18. Be2 Rb4 19. Qc2 Ne5 20. Kg2 Qb7 21. f4 Nxc4 22. Ra2 Rb8 23. Nd1 Nxb2 24. Nxb2 Bxb2 25. Bd2 Rb3 26. Bc4 Ra3 27. Rb1 Rxa2 28. Bxa2 Qb5 29. Bc4 Qb6 30. Bc3 Nb5 31. Rxb2 h4 32. gxh4 Qc7 33. Be2 Nxc3 34. Rxb8+ Qxb8 35. Qxc3 Qb1 36. Qd3 Qa2 37. Qxa6 Qd2 38. Kf3 Qe1 39. Bf1 Qxh4 40. Qa8+ Kg7 41. Qa1+ Kg8 42. Qc3 Qh5+ 43. Kg2 Qh4 44. Qg3 Qf6 45. e5 dxe5 46. fxe5 Qb6 47. d6 exd6 48. exd6 Qc6+ 49. Kh2 Qd5 50. Qf4 Qb7 51. Qf6 Qb8 52. Bc4 1-0

[Event "Polanica Zdroj op-A 46th"]
[Site "Polanica Zdroj"]
[Date "2010.08.19"]
[Round "1"]
[White "Kacprzak, Robert"]
[Black "Chlost, Marlena"]
[Result "1-0"]
[WhiteElo "1923"]
[BlackElo "2163"]
[PlyCount "59"]
[EventDate "2010.08.19"]
[EventType "swiss"]
[EventRounds "10"]
[EventCountry "POL"]
[SourceTitle "CBM 138 Extra"]
[Source "ChessBase"]
[SourceDate "2010.10.29"]
[SourceVersion "1"]
[SourceVersionDate "2010.10.29"]
[SourceQuality "1"]

1. d4 Nf6 2. c4 g6 3. Nc3 d5 4. cxd5 Nxd5 5. e4 Nxc3 6. bxc3 Bg7 7. Bc4 0-0 8. Ne2 c5 9. Be3 Nc6 10. 0-0 Qc7 11. Rc1 Rd8 12. Qa4 Bd7 13. Qa3 Na5 14. Bd3 b5 15. d5 Nb7 16. c4 b4 17. Qb3 a5 18. f4 a4 19. Qb1 Nd6 20. Ng3 f6 21. e5 fxe5 22. fxe5 Nb7 23. e6 Be8 24. Ne4 b3 25. axb3 a3 26. Rc2 Ra6 27. Rcf2 Rda8 28. Rf8+ Bxf8 29. Rxf8+ Kxf8 30. Bh6+ 1-0

[Event "Polanica Zdroj op-B 45th"]
[Site "Polanica Zdroj"]
[Date "2009.08.24"]
[Round "7"]
[White "Kacprzak, Robert"]
[Black "Lach, Piotr"]
[Result "0-1"]
[WhiteElo "1906"]
[BlackElo "2148"]
[PlyCount "94"]
[EventDate "2009.08.18"]
[EventType "swiss"]
[EventRounds "10"]
[EventCountry "POL"]
[SourceTitle "CBM 131 Extra"]
[Source "ChessBase"]
[SourceDate "2009.09.03"]
[SourceVersion "2"]
[SourceVersionDate "2009.09.16"]
[SourceQuality "1"]

1. d4 f5 2. g3 Nf6 3. Bg2 g6 4. Nh3 Bg7 5. Nf4 e6 6. c4 0-0 7. Nc3 Qe7 8. 0-0 d6 9. Qb3 c6 10. d5 Kh8 11. dxe6 Na6 12. Qc2 Bxe6 13. Nxe6 Qxe6 14. b3 Ne4 15. Bxe4 fxe4 16. Be3 Rf5 17. Rac1 Re8 18. Kg2 Rh5 19. Rh1 Qh3+ 20. Kg1 Qe6 21. Qd2 b6 22. Rd1 Kg8 23. Bd4 Bh6 24. e3 c5 25. Nb5 cxd4 26. Qxd4 Bg7 27. Qxd6 Qxd6 28. Rxd6 Bf8 29. Rd7 Re7 30. Rxe7 Bxe7 31. Nxa7 Nb4 32. Kg2 Ra5 33. Nc8 Bc5 34. Rd1 Nd3 35. a4 Ra8 36. b4 Rxc8 37. bxc5 Rxc5 38. f3 Ne5 39. fxe4 Rxc4 40. a5 bxa5 41. Rd5 Rxe4 42. Rxa5 Rxe3 43. Ra7 Re2+ 44. Kh3 h5 45. Rb7 g5 46. Re7 g4+ 47. Kh4 Ng6+ 0-1

[Event "Polanica Zdroj op-B 45th"]
[Site "Polanica Zdroj"]
[Date "2009.08.23"]
[Round "6"]
[White "Witek, Tomasz"]
[Black "Kacprzak, Robert"]
[Result "0-1"]
[WhiteElo "2138"]
[BlackElo "1906"]
[PlyCount "28"]
[EventDate "2009.08.18"]
[EventType "swiss"]
[EventRounds "10"]
[EventCountry "POL"]
[SourceTitle "CBM 131 Extra"]
[Source "ChessBase"]
[SourceDate "2009.09.03"]
[SourceVersion "2"]
[SourceVersionDate "2009.09.16"]
[SourceQuality "1"]

1. d4 Nf6 2. c4 e6 3. Nc3 Bb4 4. Qc2 b6 5. a3 Bxc3+ 6. Qxc3 Bb7 7. e3 0-0 8. Ne2 c5 9. Qd3 d5 10. b3 dxc4 11. bxc4 cxd4 12. exd4 Nc6 13. Bb2 Rc8 14. Bc3 Ne5 0-1

[Event "Polanica Zdroj op-B 45th"]
[Site "Polanica Zdroj"]
[Date "2009.08.22"]
[Round "5"]
[White "Kacprzak, Robert"]
[Black "Musialkiewicz, Pawel"]
[Result "1/2-1/2"]
[WhiteElo "1906"]
[BlackElo "1838"]
[PlyCount "54"]
[EventDate "2009.08.18"]
[EventType "swiss"]
[EventRounds "10"]
[EventCountry "POL"]
[SourceTitle "CBM 131 Extra"]
[Source "ChessBase"]
[SourceDate "2009.09.03"]
[SourceVersion "2"]
[SourceVersionDate "2009.09.16"]
[SourceQuality "1"]

1. c4 e6 2. d4 d5 3. e3 Nf6 4. Nf3 c6 5. Nc3 Nbd7 6. Bd3 dxc4 7. Bxc4 b5 8. Bd3 Bb7 9. 0-0 b4 10. Ne4 Nxe4 11. Bxe4 Bd6 12. Bd2 Nf6 13. Bd3 c5 14. Bb5+ Ke7 15. Rc1 Qb6 16. Qa4 a5 17. Be2 Rac8 18. dxc5 Rxc5 19. Rxc5 Bxc5 20. Rc1 Rd8 21. Qc2 Rc8 22. Qd1 Nd5 23. Kh1 Nf6 24. Ne5 Ne4 25. Be1 Qd6 26. Qxd6+ Nxd6 27. Bf3 Bxf3 1/2-1/2

[Event "Polanica Zdroj op-B 45th"]
[Site "Polanica Zdroj"]
[Date "2009.08.20"]
[Round "3"]
[White "Kacprzak, Robert"]
[Black "Chmielewska, Joanna"]
[Result "1-0"]
[WhiteElo "1906"]
[BlackElo "1713"]
[PlyCount "45"]
[EventDate "2009.08.18"]
[EventType "swiss"]
[EventRounds "10"]
[EventCountry "POL"]
[SourceTitle "CBM 131 Extra"]
[Source "ChessBase"]
[SourceDate "2009.09.03"]
[SourceVersion "2"]
[SourceVersionDate "2009.09.16"]
[SourceQuality "1"]

1. d4 d5 2. Nf3 Nf6 3. c4 c6 4. Nc3 dxc4 5. e3 b5 6. a4 Nd5 7. Ne5 Bb7 8. Qf3 f6 9. Qh5+ g6 10. Nxg6 hxg6 11. Qxh8 Nb4 12. Kd1 c5 13. Qg8 cxd4 14. Qxg6+ Kd7 15. Qg4+ Ke8 16. Qh5+ Kd7 17. exd4 N8c6 18. Be3 e5 19. Nxb5 a6 20. Qf5+ Ke7 21. Bxc4 Ke8 22. Qe6+ Qe7 23. Nd6+ 1-0

[Event "POL-chT 2nd League"]
[Site "Ustron"]
[Date "2008.09.07"]
[Round "2.26"]
[White "Chojnacki, Slawomir"]
[Black "Kacprzak, Robert"]
[Result "1/2-1/2"]
[WhiteElo "2263"]
[BlackElo "1888"]
[PlyCount "79"]
[EventDate "2008.09.06"]
[EventType "team-swiss"]
[EventRounds "9"]
[EventCountry "POL"]
[SourceTitle "EXT 2015"]
[Source "ChessBase"]
[SourceDate "2014.11.20"]
[SourceVersion "1"]
[SourceVersionDate "2014.11.20"]
[SourceQuality "1"]
[WhiteTeam "Chroscice LZS Victoria"]
[BlackTeam "Walbrzych KSz Hetman"]
[WhiteTeamCountry "POL"]
[BlackTeamCountry "POL"]

1. d4 Nf6 2. Nf3 e6 3. c4 c5 4. e3 cxd4 5. exd4 d5 6. Nc3 Be7 7. Bd3 0-0 8. 0-0 Nc6 9. a3 dxc4 10. Bxc4 b6 11. Qe2 Bb7 12. Rd1 Na5 13. Ba2 Nd5 14. Bd2 Rc8 15. Rac1 Nxc3 16. Bxc3 Bd5 17. Bxd5 Qxd5 18. Bxa5 Qxa5 19. Rxc8 Rxc8 20. d5 Bf6 21. dxe6 Re8 22. exf7+ Kxf7 23. Qc4+ Kf8 24. Rd7 Re7 25. Rd8+ Re8 26. Rxe8+ Kxe8 27. a4 Qf5 28. h3 Qb1+ 29. Kh2 Qxb2 30. Qe4+ Kd7 31. Qb7+ Kd6 32. Qxa7 Qxf2 33. Qb8+ Kd5 34. Qb7+ Kd6 35. Qa6 Qc5 36. Qd3+ Kc6 37. Qe4+ Kd6 38. Qxh7 Be5+ 39. Nxe5 Qxe5+ 40. Kg1 1/2-1/2

[Event "POL-chT 2nd League"]
[Site "Wysowa"]
[Date "2007.09.09"]
[Round "7"]
[White "Antoniewski, Rafal"]
[Black "Kacprzak, Robert"]
[Result "1-0"]
[WhiteElo "2512"]
[BlackElo "1838"]
[PlyCount "45"]
[EventDate "2007.09.03"]
[EventType "team-swiss"]
[EventRounds "9"]
[EventCountry "POL"]
[SourceTitle "EXT 2010"]
[Source "ChessBase"]
[SourceDate "2010.11.25"]
[SourceVersion "1"]
[SourceVersionDate "2010.11.25"]
[SourceQuality "1"]
[WhiteTeam "Dankowice Pasjonat"]
[BlackTeam "Walbrzych KSz Hetman"]
[WhiteTeamCountry "POL"]
[BlackTeamCountry "POL"]

1. e4 e5 2. Nf3 Nc6 3. Nc3 Bc5 4. a3 d6 5. Na4 Bb6 6. Nxb6 axb6 7. d4 exd4 8. Bb5 Bg4 9. Qxd4 Qf6 10. Bg5 Qxd4 11. Nxd4 Bd7 12. Nf3 f6 13. Be3 Nge7 14. 0-0-0 Ne5 15. Nd4 Ng4 16. Ne6 Nxe3 17. Nxc7+ Kf7 18. fxe3 Bxb5 19. Nxb5 Kg6 20. Rxd6 Nc6 21. Rd7 Na5 22. h4 h5 23. Rh3 1-0

[Event "Owl Mountains Cup 2nd"]
[Site "Dzierzoniow"]
[Date "2007.03.25"]
[Round "9"]
[White "Kacprzak, Robert"]
[Black "Sopur, Lech"]
[Result "0-1"]
[WhiteElo "1833"]
[BlackElo "2372"]
[PlyCount "124"]
[EventDate "2007.03.17"]
[EventType "swiss"]
[EventRounds "9"]
[EventCountry "POL"]
[SourceTitle "EXT 2011"]
[Source "ChessBase"]
[SourceDate "2010.11.26"]
[SourceVersion "1"]
[SourceVersionDate "2010.11.26"]
[SourceQuality "1"]

1. d4 c5 2. d5 f5 3. g3 Nf6 4. Bg2 g6 5. Nf3 Bg7 6. 0-0 0-0 7. c4 d6 8. Nc3 Na6 9. a4 Nc7 10. Qc2 a6 11. a5 Rb8 12. Na4 Na8 13. Bd2 Ne4 14. Be1 Bd7 15. Nc3 Nf6 16. Ng5 h6 17. Nh3 g5 18. f4 g4 19. Nf2 b5 20. axb6 Qxb6 21. Nd3 Nc7 22. Kh1 e6 23. e4 fxe4 24. Nxe4 exd5 25. Ba5 Qa7 26. Nxf6+ Rxf6 27. Bxc7 Qxc7 28. Bxd5+ Be6 29. Qg2 Qf7 30. Rxa6 Bxd5 31. cxd5 Rb3 32. Ra8+ Bf8 33. Qe4 Rf5 34. Rfa1 h5 35. Kg1 Qxd5 36. Rxf8+ Kxf8 37. Ra8+ Kg7 38. Ra7+ Kh6 39. Qe7 Rf7 40. Qxf7 Qxf7 41. Rxf7 Rxd3 42. Kf2 Kg6 43. Rd7 Kf5 44. Ke2 Ke4 45. f5 Rb3 46. Rxd6 Rxb2+ 47. Ke1 Kxf5 48. Rd5+ Ke4 49. Rxc5 Rxh2 50. Rc3 Kd4 51. Ra3 Rc2 52. Ra5 Ke4 53. Ra3 Rb2 54. Kf1 Rd2 55. Ra5 Rd5 56. Ra4+ Rd4 57. Ra3 Rd3 58. Ra5 Kf3 59. Ke1 Kxg3 60. Rxh5 Kg2 61. Rb5 Re3+ 62. Kd2 Re8 0-1

[Event "Owl Mountains Cup 2nd"]
[Site "Dzierzoniow"]
[Date "2007.03.24"]
[Round "6"]
[White "Kacprzak, Robert"]
[Black "Adamek, Przemyslaw"]
[Result "1/2-1/2"]
[WhiteElo "1833"]
[BlackElo "1957"]
[PlyCount "30"]
[EventDate "2007.03.17"]
[EventType "swiss"]
[EventRounds "9"]
[EventCountry "POL"]
[SourceTitle "EXT 2011"]
[Source "ChessBase"]
[SourceDate "2010.11.26"]
[SourceVersion "1"]
[SourceVersionDate "2010.11.26"]
[SourceQuality "1"]

1. d4 d5 2. Nf3 c6 3. e3 Nf6 4. Bd3 e6 5. 0-0 Bd6 6. Nbd2 Nbd7 7. b3 0-0 8. Bb2 Qe7 9. a3 e5 10. dxe5 Nxe5 11. Nxe5 Bxe5 12. Bxe5 Qxe5 13. Nf3 Qe7 14. Nd4 Bg4 15. Qe1 Rfe8 1/2-1/2